| 000 | 00549nam a2200169 i 4500 | ||
|---|---|---|---|
| 001 | 22944 | ||
| 003 | ES-MaACL | ||
| 005 | 20230906152801.0 | ||
| 007 | t| | ||
| 008 | 021205s1977 sp ||||1| spa d | ||
| 100 | 1 |
_aAlquézar Penón, Gerardo J. _920469 |
|
| 245 | 1 | 0 |
_aOratoria para una generación de desheredados / _cGerardo J. Alquézar Penón. |
| 260 |
_aZaragoza : _bInstitución Fernando el Católico, _c1977. |
||
| 300 |
_a51 p. ; _c25 cm. |
||
| 710 | 2 |
_aInstitución "Fernando el Católico" _94721 |
|
| 852 |
_aES-MaACL _j2103-F-34 _bR.96101 |
||
| 999 |
_c22944 _d22944 |
||